000 00680nam a2200229 4500
003 OSt
005 20240704015114.0
006 a
008 240704b |||||||| |||| 00| 0 eng d
020 _a9780521040990
040 _aDWCL-Main lib.
_cOC
082 _aCirc. 551.483 S392r 2005
100 _aSchumm, Stanley A.
245 _aRiver variability and complexity /
260 _aUK :
_bCambridge University Press,
_cc2005.
300 _ax,
_b220 p. : ill. ;
_c25 cm.
504 _aIncludes bibliographical references and index.
650 _a1. Rivers.
650 _a2. Geomorphology.
650 _a3. Sedimentation and deposition.
942 _2ddc
_n0
_cBK-CIRC
_kCirc.
999 _c1918
_d1918